Fundamentals of classical thermodynamics (Record no. 14470)

000 -LEADER
fixed length control field 00490nam a22001937a 4500
001 - CONTROL NUMBER
control field 14470
003 - CONTROL NUMBER IDENTIFIER
control field BD-DhUET
008 - FIXED-LENGTH DATA ELEMENTS--GENERAL INFORMATION
fixed length control field 150308b xxu||||| |||| 00| 0 eng d
040 ## - CATALOGING SOURCE
Transcribing agency 0
Modifying agency BD-DhUET
082 ## - DEWEY DECIMAL CLASSIFICATION NUMBER
Classification number 536.7
Item number VAN/1985
100 ## - MAIN ENTRY--PERSONAL NAME
Personal name Van Wylen, Gordon J.
245 ## - TITLE STATEMENT
Title Fundamentals of classical thermodynamics
250 ## - EDITION STATEMENT
Edition statement 3rd ed.
260 ## - PUBLICATION, DISTRIBUTION, ETC. (IMPRINT)
Place of publication, distribution, etc. New York
Name of publisher, distributor, etc. John Wiley & Sons
Date of publication, distribution, etc. 1985
300 ## - PHYSICAL DESCRIPTION
Extent xiv, 722 p.
650 #0 - SUBJECT ADDED ENTRY--TOPICAL TERM
Topical term or geographic name as entry element Thermodynamics
700 ## - ADDED ENTRY--PERSONAL NAME
Personal name Sonntag, Richard E.
942 ## - ADDED ENTRY ELEMENTS (KOHA)
Koha item type General Book
Holdings
Location (home branch) Koha item type Lost status Withdrawn status Piece designation (barcode) Koha date last seen Source of classification or shelving scheme Koha date last borrowed Copy number Sublocation or collection (holding branch) Koha full call number Not for loan Date acquired Price effective from Koha normalized classification for sorting Koha issues (times borrowed) Shelving location Damaged status
Central Library, BUETGeneral Book  685882025-06-23 2025-05-261Central Library, BUET536.7/VAN/1985 2015-03-082015-03-08536_700000000000000_VAN_19852Circulation section 
Central Library, BUETGeneral Book  685902023-05-08 2023-04-302Central Library, BUET536.7/VAN/1985 2015-03-102015-03-10536_700000000000000_VAN_19854Circulation section 
Central Library, BUETGeneral Book  685922023-12-11 2023-12-023Central Library, BUET536.7/VAN/1985 2015-03-102015-03-10536_700000000000000_VAN_19852Circulation section 
Central Library, BUETGeneral Book  685892024-02-18 2023-12-024Central Library, BUET536.7/VAN/1985 2015-03-162015-03-16536_700000000000000_VAN_19852Circulation section